The Most-Covered Christmas Songs - Statistics

General Stats
  • This quiz has been taken 102 times
  • The average score is 9 of 25
Answer Stats
Year Released Answer % Correct
1940 White Christmas
82%
1818 Silent Night
77%
1857 Jingle Bells
69%
1939 Rudolph the Red-Nosed Reindeer
63%
1887 Away in a Manger
44%
1934 Winter Wonderland
44%
1934 Santa Claus is Coming to Town
42%
1847 O Holy Night
39%
1944 The Christmas Song
36%
1840 Hark, the Herald Angels Sing
32%
1836 Joy to the World
32%
1751 O Come All Ye Faithful
32%
1800 Deck the Halls
31%
1500 We Wish You a Merry Christmas
31%
1868 O Little Town of Bethlehem
29%
1950 Silver Bells
27%
1943 Have Yourself a Merry Little Christmas
26%
1948 Sleigh Ride
25%
1964 Blue Christmas
24%
1833 The First Noel
23%
1943 I'll Be Home for Christmas
21%
1827 God Rest Ye, Merry Gentlemen
17%
1850 It Came Upon a Midnight Clear
8%
1825 Ave Maria
7%
1865 What Child is This?
7%
No matching quizzes found
Score Distribution
Percent of People with Each Score
Percentile by Number Answered
Your Score History
You have not taken this quiz